1158 1349 1846 1286 1593 1738 1560 1640 1250 1100 1147 1622 1084 1486 1179 1660 1802 1147 1207 1322 1530 1964 1233 1447 1215 1335 1654 1089 1412 1926 1511 1929 1594 1962 1509 1601 1342 1128 1168 1059 1124 1747 1352 1517 1412 1356 1027 1236 1361 1422 1481 1910 1588 1399 1615 1140 1854 1518 1724 1971 1477 1059 1612 1125 1494 1844 1570 1798 1793 1915 1655 1146 1943 1714 1699 1802 1010 1680 1158 1596 1351 1627 1194 1079 1621 1394 1049 1785 1204 1658 1183 1078 1321 1817 1562 1131 1853 1835 1182 BCNSPRNW ULIB Ver.6.0+V

เปลี่ยนเป็นภาษาไทย

Change to English
 แสดงรายละเอียดบรรณานุกรม
  กลับหน้าหลัก

Brief Record : Get Marc (ISO 2709) : E-mail record : QR code < ปิดหน้าต่าง
LEADER : 00000nam 2200000uu 4500
001    13399114439
003     ULIB
008    110627s||||||||th 000 0 tha d
020    9789745764002
090    นว.^bส174น
098    นว.^bส174น
100 0  สเตเฟนี่ เมเยอร์
245 00 นวจันทรา (New Moon)/^cสเตเฟนี่ เมเยอร์
250    พิมพ์ครั้งที่ 8
260    กรุงเทพฯ :^bปราชญ์เปรียว,^c2552
300    509 หน้า
710 1  ปราชญ์เปรียว
945    ^p335^l0^i026729
995    ทศพร
999 ^a ใช้งานได้ทุกระบบ
รายการนี้ยังไม่มีแท็ก
คุณยังไม่ได้ล็อกอิน คุณสามารถมีกิจกรรมร่วมกับเว็บไซต์ได้ แต่ต้องล็อกอินก่อน ::
  ล็อกอิน

รายการสื่อสารสนเทศ

ลำดับที่ ประเภท เลขเรียก/บาร์โค้ด สถานที่ สถานะ
1. นวนิยาย
นวนิยาย
นว. ส174น  
  Barcode: 026729
ห้องสมุดวิทยาเขตสวรรค์ประชารักษ์
►นวนิยาย
บนชั้น
  ขอยืม

รายการใกล้เคียง
    ผู้แต่ง [สเตเฟนี่ เมเยอร์]

BibComment


ยังไม่เคยถูกคอมเมนท์

คอมเมนท์ทรัพยากรรายการนี้
  คอมเมนท์: นวจันทรา New Moon..


 Copyright 2026. Bcnsprnw @Library